| 000 | 00473cam a2200145 4500500 | ||
|---|---|---|---|
| 005 | 20260329014331.0 | ||
| 041 | _afre | ||
| 042 | _adc | ||
| 100 | 1 | 0 |
_aGagneux, Yves _eauthor |
| 245 | 0 | 0 | _aHonoré Daumier, génial caricaturiste |
| 260 | _c2024. | ||
| 500 | _a6 | ||
| 786 | 0 | _nRevue des deux Mondes | Juillet-Août | 5 | 2024-07-01 | p. 41-47 | 2266-4734 | |
| 856 | 4 | 1 | _uhttps://shs.cairn.info/revue-revue-des-deux-mondes-2024-5-page-41?lang=fr&redirect-ssocas=7080 |
| 999 |
_c1888219 _d1888219 |
||